000 00240nmm a2200085Ia 4500
008 220120s9999||||xx |||||||||||||||||und||
100 _aPC QUEST
_910676
245 0 _agame zone, 14 open source project mgmt tools , featureing MS
260 _c2008
999 _c139231
_d139231